| 000 | 004540000a22001690004500 | ||
|---|---|---|---|
| 003 | MACL | ||
| 005 | 20151222140858.0 | ||
| 008 | 151222b xxu||||| |||| 00| 0 eng d | ||
| 040 |
_aMACL _cMACL |
||
| 041 | _aEnglish | ||
| 082 | _a997.110/24 | ||
| 100 |
_aMarshall Cavendish Corporation _921980 |
||
| 245 | _aFalklands Armoury | ||
| 260 |
_bMarshall Cavendish Corporation _c1994 |
||
| 650 |
_aAtlantic Ocean Islands _921981 |
||
| 942 |
_cBK _k997.11024 _2ddc |
||
| 999 |
_c40109 _d40109 |
||